| 000 | 00000nas 2200000za 4500 |
| 001 | 9.823874 |
| 003 | CaOODSP |
| 005 | 20221107144008 |
| 007 | cr ||||||||||| |
| 008 | 160909d19441961oncmr p oss f0###a0eng|d |
| 040 | |aCaOODSP|beng |
| 043 | |an-cn--- |
| 086 | 1 |aCS65-004E-PDF |
| 245 | 00|aExports of Canadian produce |h[electronic resource]. |
| 246 | 17|aExports of Canadian produce from Canada |
| 246 | 13|aExports|fJan. 1950-Mar. 1950? |
| 246 | 13|aExports, Canadian produce, foreign produce|fJan. 1946-Dec. 1949 |
| 246 | 13|aExports|fJan. 1950-Dec. 1961 |
| 260 | |a[Ottawa] : |bDominion Bureau of Statistics, External Trade Branch, |c1944-1961. |
| 310 | |aMonthly |
| 362 | 0 |aJan. 1944-v. 18, no. 12 (Dec. 1961). |
| 500 | |aDigitized edition from print [produced by Statistics Canada]. |
| 500 | |aTitle from cover. |
| 500 | |aIssue for Mar. 1950 has errata. |
| 515 | |a4th quarter of some years called also calendar year. |
| 515 | |aIssues for Feb. 1950-Dec. 1961 called also v. 7, no. 2-v.18, no. 12. |
| 520 | |aStatistics on exports of produce, including by country and by produce type. |
| 550 | |aIssued Oct. 1948-Dec. 1961 by External Trade Section. |
| 692 | 07|2gccst|aExports |
| 710 | 1 |aCanada.|bDominion Bureau of Statistics.|bExternal Trade Branch. |
| 710 | 1 |aCanada.|bDominion Bureau of Statistics.|bExternal Trade Section. |
| 785 | 00|tExports by commodity |w(CaOODSP)9.823887 |